000
00265nam a2200109Ia 4500
008
220204s9999 xx 000 0 und d
082
_a
82-7
_b
BER
100
_a
Berg, Dave
245
0
_a
Mad's Dave Berg looks at the U.S.A
260
_a
London
_b
Nel
_c
1964
942
_c
BK
999
_c
35751
_d
35751